000 00490nam a2200157Ia 4500
008 210716s1989 xx 000 0 und d
020 _a0874113342
041 _aeng
082 _a332.1 KIMS
100 _aKim, Suk H; Guin, Larry; Pyun, Chong C; Guidthues, Henry J; Garg, Ramesh.
245 _aFinancial administration: theory and application.
250 _a1
260 _aMassachusetts
_bCopley Publishing Group
_c1989
300 _ax,549
650 _aFinancial Institutions & Markets
999 _c203092
_d203092